[Event "I Open"]
[Site "Novi Ligure ITA"]
[Date "2006.10.14"]
[Round "3"]
[White "Gemma, Dario"]
[Black "Porzio, Massimo"]
[Result "1-0"]
[WhiteElo "1900"]
[BlackElo "1690"]
[PlyCount "79"]
[EventDate "2006.10.13"]

1. d4 d5 2. e3 c6 3. Bd3 Nf6 4. f4 e6 5. Nd2 Na6 6. c3 c5 7. Ngf3 c4 8. Bc2 Be7
9. Ne5 Bd7 10. O-O O-O 11. Qf3 g6 12. g4 h5 13. g5 Ne8 14. h4 Ng7 15. e4 Bc6
16. Qh3 Qc8 17. f5 exf5 18. exf5 Bd7 19. Nxd7 Qxd7 20. Kg2 Bd6 21. fxg6 Qxh3+
22. Kxh3 fxg6 23. Bxg6 Rxf1 24. Nxf1 Rf8 25. Kg2 Bf4 26. Bd2 Ne6 27. Re1 Nac7
28. Bc2 Bxd2 29. Nxd2 Rf4 30. Nf3 Rg4+ 31. Kf1 Rf4 32. Ke2 Kg7 33. Ke3 Rg4 34.
Bf5 Rg2 35. Bxe6 Nxe6 36. Re2 Rg4 37. Kd2 Nf4 38. Re7+ Kf8 39. Rxb7 Ng2 40. Ne5
1-0

[Event "I Open"]
[Site "Novi Ligure ITA"]
[Date "2006.10.14"]
[Round "3"]
[White "Giretti Kanev, Jasen"]
[Black "Bozzali, Ermanno"]
[Result "1-0"]
[WhiteElo "2208"]
[BlackElo "2099"]
[PlyCount "102"]
[EventDate "2006.10.13"]

1. d4 Nf6 2. Nf3 e6 3. Bg5 b6 4. e4 h6 5. Bxf6 Qxf6 6. Nbd2 Bb7 7. c3 d5 8. e5
Qd8 9. Bd3 c5 10. O-O Nc6 11. a3 Be7 12. Re1 Qc7 13. b4 c4 14. Bf1 a6 15. Qb1
Na7 16. a4 O-O-O 17. Qc2 g5 18. Nb1 g4 19. Nfd2 h5 20. Na3 Kb8 21. b5 a5 22.
Qa2 Nc8 23. Rad1 Rdg8 24. Nc2 Qd8 25. Ne3 Qf8 26. Qc2 h4 27. Be2 g3 28. fxg3
hxg3 29. h3 Bg5 30. Ng4 Ne7 31. Nf3 Nf5 32. Nxg5 Rxg5 33. Qd2 Qg7 34. Qf4 Bc8
35. Rf1 Rh4 36. Bf3 Kb7 37. Qd2 Rg6 38. Ne3 Nxe3 39. Qxe3 Qh7 40. Qe2 Kb8 41.
Qa2 Rg8 42. Qa3 Qc2 43. Qc1 Qxa4 44. Qb2 Qb3 45. Qxb3 cxb3 46. Ra1 a4 47. Be2
Re4 48. Bd3 Re3 49. Rf3 Rxd3 50. Rxd3 b2 51. Rb1 a3 1-0

[Event "I Open"]
[Site "Novi Ligure ITA"]
[Date "2006.10.14"]
[Round "3"]
[White "Marazzi, Dominic"]
[Black "Saffioti, Massimo"]
[Result "1-0"]
[WhiteElo "1961"]
[BlackElo "1855"]
[PlyCount "115"]
[EventDate "2006.10.13"]

1. e4 c5 2. Nf3 Nc6 3. d4 cxd4 4. Nxd4 Nf6 5. Nc3 e6 6. Be3 d6 7. Be2 Be7 8.
O-O O-O 9. f4 Re8 10. Qd2 Nxd4 11. Qxd4 a6 12. Bf3 Nd7 13. Kh1 b5 14. a4 Rb8
15. axb5 axb5 16. Be2 b4 17. Nb5 Qb6 18. Qd2 Qc6 19. Na7 Qc7 20. Rfd1 Nc5 21.
Nb5 Qc6 22. Nxd6 Nxe4 23. Nxe4 Qxe4 24. Bf3 Qc4 25. Ba7 Bb7 26. Bxb8 Bxf3 27.
gxf3 Rxb8 28. Ra7 Bf6 29. Rd7 g6 30. b3 Qc5 31. Qd6 Qxd6 32. R1xd6 Bc3 33. Kg2
Ra8 34. Rd8+ Rxd8 35. Rxd8+ Kg7 36. Kf2 Kf6 37. Rd7 h6 38. Ke3 g5 39. fxg5+
hxg5 40. h3 Kg6 41. Rc7 Bg7 42. Rc4 Bf8 43. c3 bxc3 44. Rxc3 f5 45. Rc4 Kh5 46.
Rc8 Ba3 47. Rh8+ Kg6 48. Rb8 Bc1+ 49. Kf2 f4 50. b4 e5 51. b5 Be3+ 52. Kg2 Kf5
53. b6 Bxb6 54. Rxb6 g4 55. hxg4+ Kg5 56. Kh3 e4 57. Rb5+ Kg6 58. fxe4 1-0

[Event "I Open"]
[Site "Novi Ligure ITA"]
[Date "2006.10.14"]
[Round "3"]
[White "Saffioti, Cristian"]
[Black "Conti, Marco"]
[Result "1-0"]
[WhiteElo "1928"]
[BlackElo "1696"]
[PlyCount "69"]
[EventDate "2006.10.13"]

1. e4 e6 2. d4 d5 3. Nc3 Bb4 4. Bd2 Nf6 5. e5 Bxc3 6. bxc3 Ne4 7. Qg4 g6 8. Bh6
f5 9. exf6 Qxf6 10. Nf3 Nc6 11. Bb5 Bd7 12. O-O e5 13. dxe5 Nxe5 14. Bxd7+ Nxd7
15. c4 O-O-O 16. cxd5 Rde8 17. c4 Rhg8 18. Rae1 Qf5 19. Qxf5 gxf5 20. Nd4 Nb6
21. Rc1 Na4 22. Ne6 Nac3 23. Rc2 Rg6 24. Bf4 Re7 25. f3 h5 26. fxe4 Nxe4 27.
Re2 h4 28. Rfe1 Rh7 29. Nf8 Rg4 30. Nxh7 Rxf4 31. Nf8 b6 32. Ne6 Rg4 33. Rf1
Nc3 34. Rc2 Rxc4 35. Rf3 1-0

[Event "I Open"]
[Site "Novi Ligure ITA"]
[Date "2006.10.14"]
[Round "3"]
[White "Sparpaglione, Bruno"]
[Black "Altieri, Danilo Mario"]
[Result "1/2-1/2"]
[WhiteElo "1760"]
[BlackElo "1974"]
[PlyCount "55"]
[EventDate "2006.10.13"]

1. d4 d5 2. Nf3 c6 3. g3 e6 4. Bg2 Bd6 5. b3 Nd7 6. Bb2 f5 7. c4 Ngf6 8. O-O
O-O 9. Ne5 Bxe5 10. dxe5 Ng4 11. cxd5 cxd5 12. Qd4 Qb6 13. Qxb6 Nxb6 14. h3 Nh6
15. e3 Bd7 16. Nd2 Rac8 17. Rac1 Bb5 18. Rxc8 Rxc8 19. Rc1 Rxc1+ 20. Bxc1 Nf7
21. f4 Nd7 22. Ba3 Bd3 23. Be7 Nh8 24. Nf3 Kf7 25. Bd6 h6 26. Nd4 Ng6 27. g4
Nh4 28. Bf1 1/2-1/2

[Event "I Open"]
[Site "Novi Ligure ITA"]
[Date "2006.10.14"]
[Round "3"]
[White "Trumpf, Walter"]
[Black "Nardelli, Marco"]
[Result "0-1"]
[WhiteElo "2084"]
[BlackElo "2133"]
[PlyCount "63"]
[EventDate "2006.10.13"]

1. d4 Nf6 2. Nc3 d5 3. e4 dxe4 4. f3 exf3 5. Nxf3 Bg4 6. h3 Bxf3 7. Qxf3 c6 8.
Qf2 e6 9. Bd3 Nbd7 10. O-O Be7 11. Ne4 O-O 12. Nxf6+ Bxf6 13. Be3 Rc8 14. Rad1
Qa5 15. a3 Bg5 16. c3 Rce8 17. Rde1 Re7 18. d5 Qxd5 19. Be4 Bxe3 20. Rxe3 Qc5
21. b4 Qb6 22. c4 Qd4 23. Qe2 f5 24. Rd1 Qb6 25. c5 Nxc5 26. Bc2 Ne4 27. Bxe4
f4 28. Rdd3 fxe3 29. Rxe3 Ref7 30. Kh2 Qc7+ 31. Rg3 g6 32. Qg4 0-1

[Event "I Open"]
[Site "Novi Ligure ITA"]
[Date "2006.10.15"]
[Round "4"]
[White "Bavosi, Mariano"]
[Black "Marazzi, Dominic"]
[Result "0-1"]
[WhiteElo "1885"]
[BlackElo "1961"]
[PlyCount "80"]
[EventDate "2006.10.13"]

1. c4 Nf6 2. Nf3 g6 3. g3 Bg7 4. Bg2 O-O 5. Nc3 d6 6. O-O Nc6 7. Re1 Bg4 8. d3
Qd7 9. Ng5 h6 10. Nge4 Nxe4 11. Bxe4 Rab8 12. Nd5 e5 13. Bxh6 f5 14. Bxg7 Kxg7
15. Bg2 Rh8 16. f4 Rh6 17. Ne3 exf4 18. gxf4 Qe7 19. Nf1 Nd4 20. Bf3 Bxf3 21.
exf3 Qxe1 22. Qxe1 Nxf3+ 23. Kg2 Nxe1+ 24. Rxe1 Kf7 25. Nd2 Re8 26. Nf3 Rxe1
27. Nxe1 Rh8 28. Nf3 Re8 29. Kf2 c6 30. Ng5+ Ke7 31. Nf3 Kd7 32. Ng5 a6 33. Nf3
b5 34. cxb5 axb5 35. a3 Ra8 36. Ke3 b4 37. axb4 Rb8 38. Nd2 Rxb4 39. Nc4 Ke6
40. Kd4 Rb8 0-1

[Event "I Open"]
[Site "Novi Ligure ITA"]
[Date "2006.10.15"]
[Round "4"]
[White "Bongiorni, Gabriele"]
[Black "Gemma, Dario"]
[Result "1/2-1/2"]
[WhiteElo "1793"]
[BlackElo "1900"]
[PlyCount "93"]
[EventDate "2006.10.13"]

1. d4 d5 2. c4 e6 3. Nc3 f5 4. Bf4 c6 5. e3 Nf6 6. Be2 Bd6 7. Nh3 O-O 8. Be5
Bxe5 9. dxe5 Ne4 10. Qc2 Qh4 11. O-O g5 12. Rad1 Nd7 13. f4 g4 14. Nxe4 fxe4
15. Ng5 Nxe5 16. g3 Qh5 17. Nxe4 Ng6 18. cxd5 exd5 19. Qb3 Qf5 20. Nd6 Qe6 21.
Nxc8 Raxc8 22. e4 Qxe4 23. Bxg4 Rc7 24. Rfe1 Qc4 25. Qxc4 dxc4 26. Be6+ Kg7 27.
Bxc4 Ne7 28. Rd2 h6 29. Red1 b5 30. Rd7 Rxd7 31. Rxd7 Kf6 32. Bb3 a5 33. a4 b4
34. Ra7 Rd8 35. Bc4 Rd1+ 36. Bf1 Nd5 37. Kf2 Rd2+ 38. Kf3 Rxb2 39. Rxa5 Rc2 40.
Ra8 b3 41. Rb8 b2 42. Bd3 Rxh2 43. a5 Rd2 44. Be4 Nc3 45. a6 Nb5 46. Rb6 Rd6
47. a7 1/2-1/2

[Event "I Open"]
[Site "Novi Ligure ITA"]
[Date "2006.10.15"]
[Round "4"]
[White "Bozzali, Ermanno"]
[Black "Sparpaglione, Bruno"]
[Result "1-0"]
[WhiteElo "2099"]
[BlackElo "1760"]
[PlyCount "45"]
[EventDate "2006.10.13"]

1. e4 c6 2. d4 d5 3. Nc3 dxe4 4. Nxe4 Nf6 5. Nxf6+ exf6 6. Be3 Be6 7. Nf3 Be7
8. Qd2 Nd7 9. c4 Nb6 10. Rc1 O-O 11. Bd3 Re8 12. Qc2 g6 13. h4 Bg4 14. h5 Bxh5
15. Rxh5 gxh5 16. Kf1 Bf8 17. Bxh7+ Kh8 18. Qf5 Bg7 19. Qxh5 Qc7 20. Nh4 Rxe3
21. fxe3 f5 22. Nxf5 f6 23. Ke2 1-0

[Event "I Open"]
[Site "Novi Ligure ITA"]
[Date "2006.10.15"]
[Round "4"]
[White "Bronzo, Vito"]
[Black "Brigati, Alessandro"]
[Result "1/2-1/2"]
[WhiteElo "1873"]
[BlackElo "2130"]
[PlyCount "102"]
[EventDate "2006.10.13"]

1. f4 d5 2. Nf3 Nf6 3. e3 e6 4. b3 c5 5. Bb2 Nc6 6. Bb5 Bd7 7. Bxc6 Bxc6 8. Ne5
Rc8 9. O-O Be7 10. Na3 O-O 11. c4 b6 12. Nb5 Bxb5 13. cxb5 Qe8 14. Qe2 Rc7 15.
a4 Nd7 16. Qg4 f5 17. Qg3 Bf6 18. Rac1 Bxe5 19. fxe5 Qh5 20. Rf3 Rfc8 21. Ba3
h6 22. Rcf1 Kh7 23. d4 cxd4 24. exd4 Rc2 25. Bb4 Ra2 26. Bc3 Rc2 27. Qe1 Qg4
28. R1f2 Rxf2 29. Kxf2 g5 30. h3 Qh4+ 31. Kf1 Qe4 32. Re3 Qc2 33. Bd2 Kg7 34.
g3 Nf8 35. h4 Ng6 36. h5 Nh8 37. Kg1 Nf7 38. g4 f4 39. Rf3 Qe4 40. Qxe4 dxe4
41. Rc3 Rxc3 42. Bxc3 Kf8 43. b4 Ke7 44. a5 Kd7 45. Kf2 Nd8 46. Ke2 Nb7 47. a6
Nd8 48. Be1 Nf7 49. Bd2 Ke7 50. Be1 Kd7 51. Kd2 Ke7 1/2-1/2

[Event "I Open"]
[Site "Novi Ligure ITA"]
[Date "2006.10.15"]
[Round "4"]
[White "Castellano, Alfonso"]
[Black "Sorcinelli, Francesco"]
[Result "0-1"]
[WhiteElo "1926"]
[BlackElo "2108"]
[PlyCount "66"]
[EventDate "2006.10.13"]

1. c4 g6 2. Nc3 Bg7 3. g3 Nf6 4. Bg2 O-O 5. e4 d6 6. Nge2 c5 7. O-O Nc6 8. d3
a6 9. h3 Rb8 10. a4 Ne8 11. Be3 Nc7 12. d4 cxd4 13. Nxd4 Bd7 14. Rb1 Nxd4 15.
Bxd4 Bxd4 16. Qxd4 b5 17. axb5 axb5 18. cxb5 Nxb5 19. Nxb5 Rxb5 20. Rfc1 Qb8
21. b4 Rc8 22. Rc3 Rf8 23. Ra3 e5 24. Qd2 Rb6 25. Bf1 Qb7 26. f3 Rb8 27. Rab3
Be6 28. Rd3 d5 29. exd5 Bf5 30. d6 Bxd3 31. Qxd3 Rxb4 32. d7 Qb6+ 33. Kh1 Rxb1
0-1

[Event "I Open"]
[Site "Novi Ligure ITA"]
[Date "2006.10.15"]
[Round "4"]
[White "Monticone, Sonia"]
[Black "Trumpf, Walter"]
[Result "0-1"]
[WhiteElo "1611"]
[BlackElo "2084"]
[PlyCount "66"]
[EventDate "2006.10.13"]

1. c4 Nf6 2. Nc3 g6 3. g3 Bg7 4. Bg2 O-O 5. e3 d6 6. Nge2 c5 7. d4 Nbd7 8. O-O
Rb8 9. Rb1 a6 10. a4 Qc7 11. Qd3 cxd4 12. exd4 e5 13. b3 Re8 14. Ba3 Bf8 15.
Rfd1 e4 16. Qc2 b5 17. Nxe4 Nxe4 18. Bxe4 Rxe4 19. Qxe4 d5 20. Qxd5 Bxa3 21.
axb5 axb5 22. c5 Bb7 23. Qg5 Qc6 24. d5 Qxc5 25. Qd2 Nf6 26. Qf4 Qd6 27. b4 Qd8
28. Nc3 Nh5 29. Qe5 Ra8 30. Nxb5 Qd7 31. Nxa3 Rxa3 32. Qb8+ Kg7 33. Qe5+ Kh6
0-1

[Event "I Open"]
[Site "Novi Ligure ITA"]
[Date "2006.10.15"]
[Round "4"]
[White "Nardelli, Marco"]
[Black "Roatta, Luca"]
[Result "1/2-1/2"]
[WhiteElo "2133"]
[BlackElo "2122"]
[PlyCount "100"]
[EventDate "2006.10.13"]

1. e4 c6 2. d4 d5 3. Nc3 dxe4 4. Nxe4 Nd7 5. Ng5 Ngf6 6. Bd3 e6 7. N1f3 Bd6 8.
Qe2 h6 9. Ne4 Nxe4 10. Qxe4 Nf6 11. Qe2 Qc7 12. Bd2 b6 13. O-O-O Bb7 14. Rhe1
O-O-O 15. Ne5 Rhe8 16. f4 Kb8 17. g3 Bf8 18. c3 Nd5 19. Kb1 a5 20. Be4 Ka7 21.
Qg2 Bd6 22. c4 Bxe5 23. dxe5 Ne7 24. Bc3 c5 25. g4 g6 26. h4 Rxd1+ 27. Rxd1 Rd8
28. Rxd8 Qxd8 29. Kc2 Qa8 30. Kd3 Bxe4+ 31. Qxe4 Qxe4+ 32. Kxe4 h5 33. Kf3 a4
34. Kg3 b5 35. cxb5 Kb6 36. f5 hxg4 37. fxe6 fxe6 38. Kxg4 Kxb5 39. Kg5 Kc6 40.
Kf6 Kd7 41. Bd2 c4 42. Be1 a3 43. bxa3 c3 44. a4 c2 45. Bd2 Nf5 46. a5 Nxh4 47.
a6 Kc6 48. Kxe6 Nf3 49. Be3 Nxe5 50. Kxe5 c1=Q 1/2-1/2

[Event "I Open"]
[Site "Novi Ligure ITA"]
[Date "2006.10.15"]
[Round "4"]
[White "Pugliese, Giuseppe"]
[Black "Saffioti, Cristian"]
[Result "1/2-1/2"]
[WhiteElo "1872"]
[BlackElo "1928"]
[PlyCount "49"]
[EventDate "2006.10.13"]

1. e4 g6 2. d4 Bg7 3. Nc3 c5 4. Be3 Nc6 5. Nf3 Qa5 6. Qd2 Nf6 7. d5 Nb4 8. Bd3
Nxd3+ 9. cxd3 d6 10. h3 Nd7 11. O-O b5 12. a3 O-O 13. Bh6 Bb7 14. Bxg7 Kxg7 15.
d4 Qb6 16. dxc5 dxc5 17. Rfd1 a5 18. a4 b4 19. Nb5 Rfd8 20. Qf4 Ba6 21. Nc7
Rac8 22. Nxa6 Qxa6 23. Ne5 Nxe5 24. Qxe5+ Qf6 25. Qxf6+ 1/2-1/2

[Event "I Open"]
[Site "Novi Ligure ITA"]
[Date "2006.10.15"]
[Round "4"]
[White "Pulito, Alberto"]
[Black "Astengo, Marcello"]
[Result "1-0"]
[WhiteElo "2230"]
[BlackElo "2110"]
[PlyCount "63"]
[EventDate "2006.10.13"]

1. e4 e6 2. d4 d5 3. e5 c5 4. c3 Nc6 5. Nf3 Bd7 6. Be2 Nge7 7. Na3 cxd4 8. cxd4
Nf5 9. Nc2 Be7 10. Ne3 Nh4 11. Nxh4 Bxh4 12. O-O Qb6 13. Nc2 O-O 14. b4 Rfc8
15. Bd3 g6 16. Qg4 Be7 17. a3 Nd8 18. Bg5 Bf8 19. Ne3 Rc3 20. Rfd1 Ba4 21. Rd2
Rac8 22. Rf1 h5 23. Qh4 Rxa3 24. g4 Qxd4 25. Bxg6 Qxd2 26. Bh7+ Kxh7 27. Qxh5+
Kg8 28. Bf6 Bg7 29. Qg5 Kf8 30. Qxg7+ Ke8 31. Qg8+ Kd7 32. Qf8 1-0

[Event "I Open"]
[Site "Novi Ligure ITA"]
[Date "2006.10.15"]
[Round "4"]
[White "Rigo, Gianfrancesco"]
[Black "Dragojlovic, Andjelko"]
[Result "0-1"]
[WhiteElo "2017"]
[BlackElo "2383"]
[PlyCount "76"]
[EventDate "2006.10.13"]

1. e4 c5 2. Nf3 g6 3. d4 cxd4 4. Qxd4 Nf6 5. Bb5 a6 6. Ba4 b5 7. e5 Nc6 8. Qh4
Nxe5 9. Nxe5 bxa4 10. Nc3 Bg7 11. Bh6 O-O 12. Bxg7 Kxg7 13. O-O-O a3 14. b3 d6
15. Qd4 Be6 16. Nd3 Kg8 17. Nf4 Qc7 18. Nxe6 fxe6 19. Qe3 e5 20. f3 Rfc8 21.
Rd3 a5 22. Qd2 Ra6 23. Nd1 Rc6 24. Ne3 e6 25. Kb1 d5 26. c4 a4 27. Rd1 axb3 28.
axb3 d4 29. Nf1 Nd7 30. f4 Nc5 31. Rh3 d3 32. Ne3 exf4 33. Ng4 Qg7 34. Re1 Nxb3
35. Qa2 Nc5 36. Ne5 Rb6+ 37. Kc1 Rb2 38. Qxa3 d2+ 0-1

[Event "I Open"]
[Site "Novi Ligure ITA"]
[Date "2006.10.15"]
[Round "5"]
[White "Dragojlovic, Andjelko"]
[Black "Nardelli, Marco"]
[Result "1-0"]
[WhiteElo "2383"]
[BlackElo "2133"]
[PlyCount "63"]
[EventDate "2006.10.13"]

1. e4 c5 2. Nf3 Nc6 3. Nc3 e6 4. Bb5 Nd4 5. O-O Nxb5 6. Nxb5 a6 7. Nc3 d6 8. d4
cxd4 9. Qxd4 e5 10. Qd3 Nf6 11. Bg5 Be6 12. Rfd1 Be7 13. Bxf6 Bxf6 14. Qxd6
Qxd6 15. Rxd6 Be7 16. Rd3 O-O 17. Nd5 Bd8 18. Nxe5 f5 19. Nf4 Bc8 20. exf5 Bxf5
21. Rd2 Bg5 22. g3 Rae8 23. Re1 Re7 24. Nd5 Re6 25. f4 Bh6 26. h4 Rfe8 27. Nc7
Rxe5 28. Rxe5 Rxe5 29. Rd8+ Kf7 30. fxe5 Be3+ 31. Kh2 Bb6 32. e6+ 1-0

[Event "I Open"]
[Site "Novi Ligure ITA"]
[Date "2006.10.15"]
[Round "5"]
[White "Gemma, Dario"]
[Black "Bozzali, Ermanno"]
[Result "0-1"]
[WhiteElo "1900"]
[BlackElo "2099"]
[PlyCount "48"]
[EventDate "2006.10.13"]

1. d4 f5 2. e3 Nf6 3. Bd3 g6 4. Nd2 Bg7 5. f4 d6 6. Ngf3 Nc6 7. c3 e5 8. dxe5
dxe5 9. Bc4 Qe7 10. O-O Bd7 11. b4 e4 12. Nd4 Nxd4 13. cxd4 Ng4 14. Nb3 Qxb4
15. Be2 Bb5 16. Bxb5+ Qxb5 17. Nc5 O-O-O 18. a4 Qxc5 19. Qb3 Bxd4 20. Rb1 Bxe3+
21. Kh1 Qb6 22. Qc2 Qf6 23. h3 Bb6 24. Bb2 Qh4 0-1

[Event "I Open"]
[Site "Novi Ligure ITA"]
[Date "2006.10.15"]
[Round "5"]
[White "Giretti Kanev, Jasen"]
[Black "Sorcinelli, Francesco"]
[Result "1-0"]
[WhiteElo "2208"]
[BlackElo "2108"]
[PlyCount "61"]
[EventDate "2006.10.13"]

1. d4 Nf6 2. Nf3 g6 3. Bg5 Bg7 4. Nbd2 d6 5. e4 O-O 6. Be2 Nbd7 7. O-O h6 8.
Bh4 g5 9. Bg3 Nh5 10. c3 c5 11. Nc4 Nb6 12. Ne3 e5 13. dxc5 dxc5 14. Bxe5 Bxe5
15. Nxe5 Nf4 16. Nd3 Nxd3 17. Bxd3 Be6 18. Qe2 Qc7 19. Rad1 Bxa2 20. Qh5 Be6
21. Qxh6 f6 22. Nd5 Bxd5 23. exd5 Qg7 24. Qh5 Rfd8 25. Rfe1 Kf8 26. c4 Nd7 27.
Re6 Ne5 28. Bf5 Nxc4 29. d6 Rd7 30. Re7 Rxe7 31. dxe7+ 1-0

[Event "I Open"]
[Site "Novi Ligure ITA"]
[Date "2006.10.15"]
[Round "5"]
[White "Marazzi, Dominic"]
[Black "Rigo, Gianfrancesco"]
[Result "0-1"]
[WhiteElo "1961"]
[BlackElo "2017"]
[PlyCount "82"]
[EventDate "2006.10.13"]

1. e4 c5 2. Nf3 d6 3. d4 cxd4 4. Nxd4 Nf6 5. Nc3 g6 6. Be3 Bg7 7. Bc4 O-O 8. f3
Nc6 9. Qd2 Bd7 10. O-O-O Rc8 11. Bb3 Ne5 12. h4 a5 13. Bh6 Bxh6 14. Qxh6 Rxc3
15. bxc3 a4 16. Kd2 axb3 17. axb3 Qc7 18. c4 Qc5 19. Qe3 Rc8 20. Ne2 Qa5+ 21.
Qc3 Qc7 22. Ra1 b5 23. cxb5 Qb6 24. Qd4 Qxb5 25. Nc3 Qc6 26. Ra2 Qc7 27. Nd5
Nxd5 28. exd5 e6 29. c4 exd5 30. Qxd5 Be6 31. Qa5 Qe7 32. Qa7 Qf6 33. Qf2 d5
34. c5 d4 35. Ra6 Qf4+ 36. Kc2 Rxc5+ 37. Kb1 Bf5+ 38. Ka1 Nd3 39. Qe2 Rc1+ 40.
Rxc1 Qxc1+ 41. Ka2 Nb4# 0-1

[Event "I Open"]
[Site "Novi Ligure ITA"]
[Date "2006.10.15"]
[Round "5"]
[White "Porzio, Massimo"]
[Black "Bavosi, Mariano"]
[Result "1-0"]
[WhiteElo "1690"]
[BlackElo "1885"]
[PlyCount "51"]
[EventDate "2006.10.13"]

1. e4 Nf6 2. e5 Nd5 3. Nf3 d6 4. d4 dxe5 5. Nxe5 c6 6. c4 Nb4 7. Be3 Bf5 8. Na3
Nd7 9. Nf3 g6 10. Nh4 Be6 11. Be2 Bg7 12. O-O Nb6 13. Nf3 Bg4 14. h3 Bxf3 15.
Bxf3 O-O 16. Qb3 a5 17. Rad1 Na6 18. d5 c5 19. Bf4 Nb4 20. d6 a4 21. Qe3 Bd4
22. dxe7 Bxe3 23. exd8=Q Raxd8 24. Bxe3 Nxa2 25. Bxc5 Rxd1 26. Rxd1 1-0

[Event "I Open"]
[Site "Novi Ligure ITA"]
[Date "2006.10.15"]
[Round "5"]
[White "Roatta, Luca"]
[Black "Pulito, Alberto"]
[Result "0-1"]
[WhiteElo "2122"]
[BlackElo "2230"]
[PlyCount "50"]
[EventDate "2006.10.13"]

1. d4 d5 2. Nf3 Nf6 3. Bf4 e6 4. e3 c5 5. c3 Nc6 6. Nbd2 Bd6 7. Ne5 Qc7 8. Bb5
O-O 9. Ndf3 Ne4 10. Nxc6 bxc6 11. Bxd6 Qxd6 12. Bd3 cxd4 13. Bxe4 dxe4 14. Qxd4
Qd5 15. Nd2 f5 16. Nb3 e5 17. Qxd5+ cxd5 18. O-O-O Be6 19. Nc5 Kf7 20. Rd2 Rac8
21. b4 Rfd8 22. Rhd1 Rb8 23. a3 a5 24. Rb2 Rdc8 25. Kd2 Rxc5 0-1

[Event "I Open"]
[Site "Novi Ligure ITA"]
[Date "2006.10.15"]
[Round "5"]
[White "Trumpf, Walter"]
[Black "Torrisi, Andrea"]
[Result "1-0"]
[WhiteElo "2084"]
[BlackElo "1867"]
[PlyCount "65"]
[EventDate "2006.10.13"]

1. d4 c5 2. d5 d6 3. c4 Nf6 4. Nc3 e6 5. g3 exd5 6. Nxd5 Nc6 7. Nxf6+ Qxf6 8.
Nf3 h6 9. Bg2 Be7 10. O-O Bf5 11. Bd2 Qxb2 12. e4 Bg4 13. h3 Bxf3 14. Bxf3 Rb8
15. Rb1 Qxa2 16. Bc3 Qxc4 17. Bxg7 Rg8 18. Be2 Qe6 19. Bg4 Qc4 20. Ba1 Ne5 21.
Bxe5 dxe5 22. Bd7+ Kf8 23. Qh5 Bg5 24. Bc6 Qe6 25. Bxb7 Qg6 26. Qf3 Kg7 27. Qc3
Kh7 28. Qxe5 c4 29. Qc3 Bf6 30. e5 Bh4 31. Qxc4 Rxb7 32. Rxb7 Bxg3 33. Qxf7+
1-0

[Event "C.to Mondiale U16 femminile"]
[Site "Batumi GEO"]
[Date "2006.10.25"]
[Round "7"]
[White "Corke, Anya S."]
[Black "Brunello, Roberta"]
[Result "1-0"]
[WhiteElo "2197"]
[BlackElo "1976"]
[PlyCount "77"]
[EventDate "2006.10.19"]

1. d4 d5 2. c4 e6 3. Nc3 Nf6 4. cxd5 exd5 5. Bg5 Nbd7 6. e3 Be7 7. Bd3 c6 8.
Qc2 O-O 9. Nge2 Re8 10. O-O Nf8 11. f3 c5 12. Rad1 cxd4 13. Nxd4 h6 14. Bh4 Bc5
15. Bxf6 Qxf6 16. Nxd5 Qd6 17. Nb5 Qc6 18. Nbc7 Rxe3 19. Nxe3 Qxc7 20. Kh1 Be6
21. b3 Rc8 22. Qe2 Qf4 23. Nc4 b5 24. g3 Qf6 25. Ne3 Bh3 26. Rfe1 Ne6 27. Nd5
Qd8 28. Bxb5 Qg5 29. Bd7 Nd4 30. Rxd4 Bxd7 31. Nf6+ Qxf6 32. Rxd7 Qc6 33. Qd3
Bf8 34. Qf5 f6 35. Qe6+ Qxe6 36. Rxe6 Rc1+ 37. Kg2 Rc2+ 38. Kh3 Rxa2 39. Re8
1-0

[Event "C.to Mondiale U16"]
[Site "Batumi GEO"]
[Date "2006.10.22"]
[Round "4"]
[White "Locci, Damiano"]
[Black "Jorczik, Julian"]
[Result "0-1"]
[WhiteElo "2019"]
[BlackElo "2207"]
[PlyCount "77"]
[EventDate "2006.10.19"]

1. e4 c5 2. Nc3 e6 3. f4 Nc6 4. Nf3 d5 5. Bb5 Nge7 6. O-O a6 7. Bxc6+ Nxc6 8.
d3 Be7 9. Bd2 b5 10. a3 Bb7 11. Qe1 O-O 12. Rd1 Re8 13. Qg3 Nd4 14. Rf2 Nxc2
15. f5 Nd4 16. Bh6 Bf6 17. Nxd4 cxd4 18. Bxg7 Bh4 19. Rf3 Bxg3 20. Rxg3 Qh4 21.
Bxd4+ Kf8 22. Bc5+ Re7 23. f6 Qxf6 24. Rf1 Qh4 25. Rh3 Qg5 26. Rg3 Qd2 27. Rgf3
f5 28. exf5 Ke8 29. Bxe7 Kxe7 30. fxe6 Kxe6 31. Rf6+ Ke5 32. R6f5+ Kd6 33. Rf6+
Kc5 34. R6f5 Qxd3 35. b4+ Kb6 36. Rf6+ Ka7 37. Nd1 d4 38. Rd6 Rg8 39. Re1 0-1

[Event "C.to Mondiale U16"]
[Site "Batumi GEO"]
[Date "2006.10.23"]
[Round "6"]
[White "Locci, Damiano"]
[Black "Lomsadze, Davit"]
[Result "0-1"]
[WhiteElo "2019"]
[BlackElo "2280"]
[PlyCount "84"]
[EventDate "2006.10.19"]

1. e4 e5 2. Nf3 Nc6 3. d4 exd4 4. Nxd4 Nf6 5. Nxc6 bxc6 6. Nd2 Bc5 7. Bd3 O-O
8. O-O Qe7 9. Nb3 Bb6 10. Qf3 h6 11. Be3 d6 12. h3 Bxe3 13. Qxe3 Re8 14. Rfe1
Be6 15. e5 Bxb3 16. exf6 Qxe3 17. Rxe3 Rxe3 18. fxe3 Be6 19. fxg7 c5 20. a3 c4
21. Be2 Rb8 22. Rb1 Kxg7 23. Bd1 a5 24. b4 cxb3 25. cxb3 c5 26. Bc2 Kf6 27. Kf2
Ke5 28. Kf3 f5 29. Ke2 Bd5 30. g3 Bg2 31. Kf2 Be4 32. Bxe4 Kxe4 33. Ke2 h5 34.
h4 d5 35. Rf1 Rxb3 36. Rf4+ Ke5 37. Ra4 c4 38. Rxa5 Ke4 39. Kf2 Rb2+ 40. Ke1
Rb3 41. Kd2 Rxe3 42. Rxd5 c3+ 0-1

[Event "C.to Mondiale U14 femminile"]
[Site "Batumi GEO"]
[Date "2006.10.19"]
[Round "1"]
[White "Paikidze, Nazi"]
[Black "Messina, Roberta"]
[Result "1-0"]
[WhiteElo "2141"]
[BlackElo "1843"]
[PlyCount "53"]
[EventDate "2006.10.19"]

1. d4 Nf6 2. c4 e6 3. Nc3 Bb4 4. e3 O-O 5. Bd3 d5 6. cxd5 exd5 7. Nge2 c6 8.
O-O Re8 9. Qc2 Nbd7 10. f3 Nf8 11. a3 Ba5 12. Bd2 Ng6 13. Rae1 Bb6 14. Kh1 Qd6
15. Ng3 Bc7 16. f4 b6 17. e4 dxe4 18. Ncxe4 Nxe4 19. Nxe4 Qd7 20. f5 Nh4 21.
Bg5 Bd8 22. Qf2 Bxg5 23. Nxg5 Rxe1 24. Rxe1 h6 25. Qxh4 hxg5 26. Qxg5 Bb7 27.
f6 1-0

[Event "Weekend Accademia A Autunno"]
[Site "Roma ITA"]
[Date "2006.10.20"]
[Round "1"]
[White "Campomori, Bruno"]
[Black "Spano' Cuomo, Gaetano"]
[Result "1-0"]
[WhiteElo "2051"]
[BlackElo "1826"]
[PlyCount "65"]
[EventDate "2006.10.20"]

1.e4 c5 2.Nf3 Nc6 3.d4 cxd4 4.Nxd4 d6 5.Be2 Nf6 6.Nc3 g6 7.O-O Bg7 8.Kh1 
O-O 9.Be3 Nxd4 10.Bxd4 b6 11.f4 Bb7 12.Bf3 Nd7 13.Bxg7 Kxg7 14.Qe2 Rc8 15.
Rad1 Rxc3 16.bxc3 Qc7 17.Qe3 Rc8 18.Qd4+ f6 19.Bg4 Ra8 20.Bxd7 Qxd7 21.e5 
Qc6 22.Rf2 h5 23.Re2 Re8 24.Qe3 fxe5 25.fxe5 Rf8 26.exd6 exd6 27.h3 d5 28.
Qd4+ Kg8 29.Re7 Rf7 30.Rxf7 Kxf7 31.Rf1+ Kg8 32.Rf3 Ba6 33.Rf6 1-0

[Event "Weekend Accademia A Autunno"]
[Site "Roma ITA"]
[Date "2006.10.20"]
[Round "1"]
[White "De Blasio, Alessandro"]
[Black "La Fortezza, Michele"]
[Result "1-0"]
[WhiteElo "2067"]
[BlackElo "1843"]
[PlyCount "49"]
[EventDate "2006.10.20"]

1.e4 e6 2.d4 d5 3.Nd2 dxe4 4.Nxe4 Nf6 5.Bd3 Be7 6.Nf3 Nc6 7.c3 b6 8.Qe2 
Bb7 9.Neg5 h6 10.Nh3 Bd6 11.O-O Qe7 12.Ne5 O-O-O 13.Ba6 Bxe5 14.dxe5 Nd7 
15.a4 Nc5 16.Bxb7+ Kxb7 17.b4 Nb3 18.Ra3 Nxc1 19.Rxc1 Rd5 20.a5 b5 21.c4 
Rd4 22.Qf3 Rxc4 23.Rxc4 bxc4 24.b5 Qxa3 25.Qxa3 1-0